[Event "POHÁR města Říčany 2022"]
[Site "Městské kulturní středisko U labutě"]
[Date "2022.09.02"]
[Round "8.1"]
[White "Novotny, Michal"]
[Black "Ocelak, Jakub"]
[Result "1-0"]
[WhiteElo "2241"]
[BlackElo "2149"]
[PlyCount "0"]
[EventDate "2022.08.27"]

1. e4 c5 2. Nf3 e6 3. g3 Nc6 4. Bg2 Nf6 5. Qe2 e5 6. O-O Be7 7. c3 O-O 8. Rd1
d5 9. d3 d4 10. h3 Ne8 11. Nbd2 Nd6 12. Nf1 Be6 13. g4 b5 14. Ng3 g6 15. cxd4
cxd4 16. Bh6 Re8 17. Rdc1 Rc8 18. Rxc6 Rxc6 19. Nxe5 Rc7 20. Nf3 Nc8 21. Bf4 Rc5
22. Be5 Rxe5 23. Nxe5 Bd6 24. Nc6 Qb6 25. e5 Bf8 26. Ne4 Bg7 27. Nf6+ Bxf6
28. exf6 Bd7 29. Qd2 Re6 30. Nb4 Qd6 31. Nd5 Rxf6 32. Nxf6+ Qxf6 33. Rc1 Qd6
34. Qa5 Qf4 35. Qd8+ Kg7 36. Rxc8 Bxc8 37. Qxc8 Qd2 38. Qc7 Qxd3 39. Bd5 Qxh3
40. Qxf7+ Kh6 41. Qf4+ Kg7 42. Qxd4+ Kf8 43. Qf6+ Ke8 44. Bc6# 1-0

[Event "POHÁR města Říčany 2022"]
[Site "Městské kulturní středisko U labutě"]
[Date "2022.09.02"]
[Round "8.2"]
[White "Soural, Jan"]
[Black "Dudek, Vojtech"]
[Result "1-0"]
[WhiteElo "2144"]
[BlackElo "2144"]
[PlyCount "0"]
[EventDate "2022.08.27"]

1. c4 Nf6 2. Nf3 c5 3. Nc3 Nc6 4. g3 d5 5. cxd5 Nxd5 6. Bg2 Nc7 7. O-O e5 8. a3
Be7 9. b4 cxb4 10. axb4 f6 11. b5 Nd4 12. Nxd4 exd4 13. b6 dxc3 14. bxc7 Qxc7
15. Qb3 c2 16. d3 Bd6 17. Be3 Ke7 18. Rfc1 Qd7 19. Rxc2 a6 20. Bd5 Re8 21. Bg8
Kf8 22. Ra4 Qe7 23. Re4 Qd7 24. Rd4 Re7 25. Rxd6 Qxd6 26. Bc5 1-0

[Event "POHÁR města Říčany 2022"]
[Site "Městské kulturní středisko U labutě"]
[Date "2022.09.02"]
[Round "8.3"]
[White "Skypala, Ondrej"]
[Black "Vojta, Jakub"]
[Result "0-1"]
[WhiteElo "2140"]
[BlackElo "2313"]
[PlyCount "0"]
[EventDate "2022.08.27"]

1. e4 c5 2. c4 Nc6 3. Nc3 g6 4. g3 Bg7 5. Bg2 d6 6. d3 Nf6 7. Nge2 O-O 8. O-O
a6 9. a4 Rb8 10. h3 Ne8 11. Be3 Nc7 12. Qd2 Ne6 13. Rab1 Ned4 14. Kh2 Be6
15. Nd5 b5 16. axb5 axb5 17. Nxd4 Nxd4 18. b4 bxc4 19. dxc4 Qd7 20. bxc5 Nb3
21. Qd3 Nxc5 22. Bxc5 dxc5 23. f4 Bd4 24. Rb5 Rxb5 25. cxb5 Ra8 26. Qc4 Ra3
27. b6 Ra4 28. b7 Rxc4 29. b8=Q+ Kg7 30. Nb6 Qb5 31. f5 Rc2 32. Qf4 Qxb6
33. fxe6 Qxe6 34. h4 Be5 35. Qg5 f6 0-1

[Event "POHÁR města Říčany 2022"]
[Site "Městské kulturní středisko U labutě"]
[Date "2022.09.02"]
[Round "8.4"]
[White "Plasil, Petr"]
[Black "Horak, Martin"]
[Result "1/2-1/2"]
[WhiteElo "1963"]
[BlackElo "2238"]
[PlyCount "0"]
[EventDate "2022.08.27"]

1. d4 f5 2. c4 Nf6 3. Nc3 d6 4. Nf3 g6 5. g3 Bg7 6. Bg2 O-O 7. O-O c6 8. Rb1 a5
9. a3 Qc7 10. d5 Nbd7 11. Nd4 Ne5 12. b3 Bd7 13. Bb2 Rae8 14. Qd2 Nf7 15. b4
axb4 16. axb4 Ne5 17. Ba1 Kh8 18. c5 dxc5 19. bxc5 cxd5 20. Nxd5 Qxc5 21. Nxf6
Bxf6 22. Rxb7 Qd6 23. Qb4 Qxb4 1/2-1/2

[Event "POHÁR města Říčany 2022"]
[Site "Městské kulturní středisko U labutě"]
[Date "2022.09.02"]
[Round "8.5"]
[White "Krizek, Krystof"]
[Black "Novak, Jindrich"]
[Result "1/2-1/2"]
[WhiteElo "1961"]
[BlackElo "2093"]
[PlyCount "0"]
[EventDate "2022.08.27"]

1. e4 d6 2. d4 e5 3. Nf3 Nc6 4. Bb5 Bd7 5. Bxc6 Bxc6 6. Nc3 Nf6 7. Qd3 exd4
8. Nxd4 Qd7 9. f3 Be7 10. Bg5 Ng8 11. Be3 Bf6 12. O-O-O Ne7 13. g4 a6 14. g5
Bxd4 15. Bxd4 Rc8 16. f4 f6 17. Kb1 f5 {oba hraci necitelne od 9 tahu. Riha} 1/2-1/2

[Event "POHÁR města Říčany 2022"]
[Site "Městské kulturní středisko U labutě"]
[Date "2022.09.02"]
[Round "8.6"]
[White "Novotny, Martin"]
[Black "Siles, Jan"]
[Result "1/2-1/2"]
[WhiteElo "2064"]
[BlackElo "1780"]
[PlyCount "0"]
[EventDate "2022.08.27"]

1. d4 d5 2. c4 e6 3. Nf3 Nf6 4. Bg5 Be7 5. e3 O-O 6. Nbd2 c5 7. cxd5 Na6
8. dxc5 Nxc5 9. Be2 Nxd5 10. Bxe7 Qxe7 11. O-O Rd8 12. Qc2 b6 13. a3 Bb7 14. g3
Nd7 15. Rac1 Rac8 1/2-1/2

[Event "POHÁR města Říčany 2022"]
[Site "Městské kulturní středisko U labutě"]
[Date "2022.09.02"]
[Round "8.7"]
[White "Jun, Rudolf"]
[Black "Taborsky, Rostislav"]
[Result "1-0"]
[WhiteElo "2165"]
[BlackElo "2192"]
[PlyCount "0"]
[EventDate "2022.08.27"]

1. e4 c5 2. Nf3 Nc6 3. Bb5 g6 4. O-O Bg7 5. c3 Nf6 6. Re1 O-O 7. d4 cxd4
8. cxd4 d5 9. e5 Ne4 10. Nc3 Bf5 11. Nxe4 dxe4 12. Bxc6 bxc6 13. Ng5 Qd5 14. g4
Bd7 15. Nxe4 c5 16. Nxc5 Bc6 17. f3 Rad8 18. Be3 f6 19. Qb3 fxe5 20. dxe5 Qxb3
21. axb3 Rxf3 22. Ne6 Rd3 23. Bxa7 Bd5 24. Nxg7 Kxg7 25. Red1 Bxb3 26. Rxd3 Rxd3
27. Bc5 Rd1+ 28. Rxd1 Bxd1 29. Bxe7 Bxg4 30. Kf2 Kf7 31. Bd6 Ke6 32. Ke3 Kd5
33. Kf4 h5 34. Kg5 Bf5 35. Kf6 Kc6 36. b4 h4 37. Bf8 h3 38. e6 Kd5 39. e7 Bd7
40. Bh6 Kd6 41. Kf7 Kc6 42. Kf8 1-0

[Event "POHÁR města Říčany 2022"]
[Site "Městské kulturní středisko U labutě"]
[Date "2022.09.02"]
[Round "8.8"]
[White "Rousek, Jan"]
[Black "Matras, Ondrej"]
[Result "0-1"]
[WhiteElo "2040"]
[BlackElo "2184"]
[PlyCount "0"]
[EventDate "2022.08.27"]

1. d4 d5 2. Nf3 Nc6 3. g3 Bg4 4. Bg2 Qd7 5. O-O O-O-O 6. Be3 h5 7. h4 Bh3
8. Bxh3 Qxh3 9. Ng5 Qf5 10. Qd3 Qxd3 11. exd3 Nh6 12. a3 e6 13. b4 Ne7 14. Nd2
Nef5 15. Ndf3 Bd6 16. Bf4 Bxf4 17. gxf4 Rhe8 18. Rfe1 Rd6 19. Kg2 f6 20. Nh3 Ne7
21. Re2 {(nesmyslny zapis)} 0-1

[Event "POHÁR města Říčany 2022"]
[Site "Městské kulturní středisko U labutě"]
[Date "2022.09.02"]
[Round "8.9"]
[White "Elias, Jakub"]
[Black "Sedy, Pavel"]
[Result "0-1"]
[WhiteElo "1982"]
[BlackElo "2177"]
[PlyCount "0"]
[EventDate "2022.08.27"]

1. e4 e6 2. d4 d5 3. Nd2 Nf6 4. e5 Nfd7 5. Bd3 c5 6. c3 Nc6 7. Ne2 Qb6 8. Nf3
cxd4 9. cxd4 f6 10. exf6 Nxf6 11. O-O Bd6 12. Bf4 Bxf4 13. Nxf4 O-O 14. Re1 Qxb2
15. Rb1 Qxa2 16. Ra1 Qb2 17. Rb1 Qa3 18. Ng5 Qd6 19. Nfxe6 Bxe6 20. Rxe6 Qf4
21. Nf3 Rf7 22. Bb5 Qg5 23. Re3 Ne4 24. Qb3 Qf5 25. Rf1 Raf8 26. Bxc6 bxc6
27. Qc2 Rf6 28. Ra3 Qh5 29. Qc1 a5 30. Ne5 Rxf2 31. Rf3 R8xf3 32. Nxf3 Rxf1+
33. Qxf1 Qh6 34. h3 Qe3+ 35. Kh2 Qf4+ 36. Kg1 Nd2 37. Nxd2 Qxd2 38. Qa6 Qxd4+
39. Kh1 Qa1+ 40. Kh2 Qe5+ 41. Kg1 Qc7 0-1

[Event "POHÁR města Říčany 2022"]
[Site "Městské kulturní středisko U labutě"]
[Date "2022.09.02"]
[Round "8.10"]
[White "Bezdek, Tomas"]
[Black "Horak, Jan"]
[Result "0-1"]
[WhiteElo "2034"]
[BlackElo "2155"]
[PlyCount "0"]
[EventDate "2022.08.27"]

1. d4 Nf6 2. c4 c5 3. d5 b5 4. cxb5 a6 5. bxa6 e6 6. Nc3 exd5 7. Nxd5 Be7
8. Bf4 Nxd5 9. Qxd5 Nc6 10. e4 Bxa6 11. Bxa6 Rxa6 12. Ne2 Nb4 13. Qc4 d5
14. Qb5+ Qd7 15. Qxd7+ Kxd7 16. O-O dxe4 17. Be5 f6 18. Bc3 Nxa2 19. Ng3 Rha8
20. Rad1+ Ke6 21. Nxe4 f5 22. Ng3 Nxc3 23. bxc3 g6 24. Rfe1+ Kf7 25. Nf1 R8a7
26. Rd5 Ra1 27. Rdd1 R1a3 28. Rd3 Ra1 29. Red1 Rxd1 30. Rxd1 Bf6 31. c4 Bd4
32. Rd2 Ra1 33. Rc2 f4 0-1

[Event "POHÁR města Říčany 2022"]
[Site "Městské kulturní středisko U labutě"]
[Date "2022.09.02"]
[Round "8.11"]
[White "Vetrovsky, Michal"]
[Black "Voracek, Zdenek"]
[Result "1/2-1/2"]
[WhiteElo "2122"]
[BlackElo "1891"]
[PlyCount "0"]
[EventDate "2022.08.27"]

1. Nf3 d5 2. d4 Nf6 3. Bf4 e6 4. e3 Be7 5. Bd3 b6 6. c3 O-O 7. Nbd2 Ba6 8. Bxa6
Nxa6 9. h3 c5 10. O-O Qc8 11. Qe2 Qb7 12. Rfe1 Rfd8 13. Bg5 Rac8 14. Ne5 Nc7
15. Nf1 Nce8 16. Ng4 b5 17. Nxf6+ Nxf6 18. Rec1 1/2-1/2

[Event "POHÁR města Říčany 2022"]
[Site "Městské kulturní středisko U labutě"]
[Date "2022.09.02"]
[Round "8.12"]
[White "Placer, Sebastian"]
[Black "Petrun, Milan"]
[Result "0-1"]
[WhiteElo "2090"]
[BlackElo "1880"]
[PlyCount "0"]
[EventDate "2022.08.27"]

1. d4 Nf6 2. c4 g6 3. Nc3 Bg7 4. e4 d6 5. f3 O-O 6. Be3 Na6 7. Qd2 c5 8. d5 Re8
9. O-O-O Nc7 10. g4 a6 11. Kb1 b5 12. cxb5 axb5 13. Nxb5 Ba6 14. Nc3 Qb8
15. Nge2 Qb4 16. Rc1 Bc4 17. Nf4 Nxe4 18. fxe4 Bxc3 19. Rxc3 Bxa2+ 20. Kc1 Qxe4
21. Qg2 Qb1+ 22. Kd2 Qxb2+ 23. Rc2 Qb4+ 24. Ke2 Bb1 25. Bd2 Qa4 26. Rc1 Be4
27. Qg1 Nxd5 28. Nxd5 Bxd5 29. Bg2 Qxg4+ 30. Kf1 Bc4+ 31. Rxc4 Qxc4+ 32. Kf2 Ra2
33. Qd1 0-1

[Event "POHÁR města Říčany 2022"]
[Site "Městské kulturní středisko U labutě"]
[Date "2022.09.02"]
[Round "8.13"]
[White "Benes, Jachym"]
[Black "Steiner, Juraj"]
[Result "1-0"]
[WhiteElo "1876"]
[BlackElo "2005"]
[PlyCount "0"]
[EventDate "2022.08.27"]

1. d4 d5 2. c4 e6 3. Nc3 Nf6 4. Bg5 Be7 5. e3 O-O 6. Nf3 b6 7. cxd5 Nxd5
8. Bxe7 Qxe7 9. Nxd5 exd5 10. Qb3 Be6 11. Be2 Nd7 12. O-O c5 13. dxc5 bxc5
14. Rfd1 Qf6 15. Qc2 Rfb8 16. b3 a5 17. Rab1 Rb4 18. h3 a4 19. bxa4 Rbxa4
20. Rb2 c4 21. Nd4 Nc5 22. Rdb1 g6 23. Rb8+ Kg7 24. Rxa8 Rxa8 25. Rb5 Ne4
26. Bf3 Nd6 27. Rb6 Qe5 28. Qb2 Kh6 29. g4 Rc8 30. Nxe6 Qxb2 31. g5# 1-0

[Event "POHÁR města Říčany 2022"]
[Site "Městské kulturní středisko U labutě"]
[Date "2022.09.02"]
[Round "8.14"]
[White "Seidl, Jan"]
[Black "Skala, Jaromir"]
[Result "1-0"]
[WhiteElo "1949"]
[BlackElo "1862"]
[PlyCount "0"]
[EventDate "2022.08.27"]

1. e4 e5 2. Nf3 Nc6 3. d4 exd4 4. Nxd4 Nf6 5. Nc3 Bb4 6. Nxc6 bxc6 7. Bd3 d5
8. exd5 cxd5 9. O-O O-O 10. h3 c6 11. Qf3 Be6 12. Bf4 Bd6 13. Ne2 Rb8 14. b3
Bxf4 15. Nxf4 Qd6 16. Rad1 a5 17. c4 d4 18. c5 Qxc5 19. Rc1 Qa3 20. Nxe6 fxe6
21. Rxc6 Qxa2 22. Bc4 a4 23. Rxe6 Kh8 24. Ra6 a3 25. Ra7 Qd2 26. Rxa3 Rbe8
27. Ra7 Qg5 28. Rfa1 Ne4 29. Rf7 Rxf7 30. Bxf7 Nd2 31. Qa8 Rd8 32. Qb7 h6
33. Rd1 {cernemu dosel cas} 1-0

[Event "POHÁR města Říčany 2022"]
[Site "Městské kulturní středisko U labutě"]
[Date "2022.09.02"]
[Round "8.15"]
[White "Davidek, Zdenek"]
[Black "Horinek, Karel"]
[Result "0-1"]
[WhiteElo "1621"]
[BlackElo "1946"]
[PlyCount "0"]
[EventDate "2022.08.27"]

1. d4 d5 2. Nf3 Nf6 3. c4 c6 4. g3 e6 5. Bg2 Be7 6. O-O O-O 7. Qc2 Na6 8. a3
Nc7 9. Nbd2 dxc4 10. Nxc4 Nb5 11. Rd1 Nd6 12. Bg5 Nxc4 13. Qxc4 Bd7 14. Ne5 Be8
15. e4 h6 16. Bxf6 Bxf6 17. f4 Qb6 18. b4 Rd8 19. Nf3 Bd7 20. Kh1 Bc8 21. Rd3 a5
22. Qc5 Qxc5 23. bxc5 Rd7 24. Rad1 g6 25. Bf1 Rfd8 26. Kg1 g5 27. Kf2 gxf4
28. gxf4 Kh7 29. Ke3 Rg8 30. Bh3 Bd8 31. Ne5 Re7 32. Kf3 f6 33. Nc4 Bc7 34. e5
fxe5 35. dxe5 Rf8 36. Nd6 Bd7 37. Ne4 Bc8 38. Nf6+ Kh8 39. Ke4 b5 40. Rg1 Rg7
41. Rdg3 Rxg3 42. Rxg3 Bd8 43. Nh5 Rf7 44. Nf6 Rg7 45. Rxg7 Kxg7 46. Ne8+ Kg6
47. Nd6 Bd7 48. Bg4 h5 49. Bh3 Be7 50. Kd4 Bh4 51. Ne4 a4 52. Ng3 Be7 53. Bg2 h4
54. Be4+ Kh6 55. Ne2 Kh5 56. h3 Bf8 57. Nc1 Be7 58. Nd3 Bf8 59. Bf3+ Kg6
60. Be4+ Kf7 61. Ke3 Be7 62. Kf3 Kg7 63. Kg4 Kh6 64. f5 exf5+ 65. Bxf5 Be8
66. Kf3 Kg5 67. Ke4 Bf7 68. e6 Bh5 69. Ne5 Bxc5 70. Nxc6 Bxa3 71. e7 Be8 72. Ne5
Bxe7 73. Nf3+ Kf6 74. Kf4 a3 75. Nd4 a2 76. Nc2 b4 77. Na1 Bd6+ 78. Kg4 Be5
79. Nb3 0-1

[Event "POHÁR města Říčany 2022"]
[Site "Městské kulturní středisko U labutě"]
[Date "2022.09.02"]
[Round "8.17"]
[White "Yagiz, Bora"]
[Black "Pressler, Tobias"]
[Result "1-0"]
[WhiteElo "2154"]
[BlackElo "1821"]
[PlyCount "0"]
[EventDate "2022.08.27"]

1. e4 d5 2. exd5 Qxd5 3. Nc3 Qd6 4. Nf3 Nf6 5. g3 c6 6. Bg2 Bg4 7. O-O e6 8. d4
Nbd7 9. Bf4 Qb4 10. Qd2 Be7 11. a3 Qb6 12. b4 Qa6 13. Rfb1 Bxf3 14. Bxf3 Nd5
15. b5 Qa5 16. Nxd5 Qxd2 17. Nc7+ Kd8 18. Nxe6+ fxe6 19. Bxd2 Kc7 20. bxc6 bxc6
21. Ba5+ Nb6 22. c4 Kd7 23. c5 Nd5 24. Bxd5 cxd5 25. Rb7+ Ke8 26. c6 Kf7 27. Bb4
Rhe8 28. Bd6 Kf8 29. Bf4 Rec8 30. c7 Ke8 31. Rab1 Kd7 32. Rb8 Bd6 33. Rxa8 Rxa8
34. Rb8 1-0

[Event "POHÁR města Říčany 2022"]
[Site "Městské kulturní středisko U labutě"]
[Date "2022.09.02"]
[Round "8.18"]
[White "Hejsek, Lukas"]
[Black "Hlavacek, Ondrej"]
[Result "1/2-1/2"]
[WhiteElo "1994"]
[BlackElo "1831"]
[PlyCount "0"]
[EventDate "2022.08.27"]

1. d4 d5 2. Nf3 Nf6 3. c4 c6 4. g3 g6 5. Bg2 Bg7 6. O-O O-O 7. Nc3 e6 8. Bg5
Qb6 9. Qd2 Qc7 10. Bf4 Qd8 11. Bh6 Nbd7 12. Bxg7 Kxg7 13. Qf4 dxc4 14. e4 b5
15. g4 Bb7 16. g5 Nh5 17. Qg4 f5 18. gxf6+ Qxf6 19. Ng5 Rac8 20. e5 Qf5 21. Qxf5
Rxf5 22. Nge4 Rf4 23. Nd6 Rd8 24. Ne2 Rff8 25. a4 a6 26. Bh3 Nf4 27. Nxf4 Rxf4
28. Bxe6 Nf8 {necitelne, hlavacek necitelne} 1/2-1/2

[Event "POHÁR města Říčany 2022"]
[Site "Městské kulturní středisko U labutě"]
[Date "2022.09.02"]
[Round "8.19"]
[White "Cervenka, Petr"]
[Black "Koper, Stefan"]
[Result "0-1"]
[WhiteElo "1928"]
[BlackElo "1823"]
[PlyCount "0"]
[EventDate "2022.08.27"]

1. e4 g6 2. d4 b6 3. Nc3 Bb7 4. Bc4 Bg7 5. Nf3 e6 6. h4 h6 7. Be3 Nf6 8. e5 Ng8
9. Qd2 d5 10. exd6 cxd6 11. O-O-O d5 12. Bb5+ Bc6 13. Bg5 hxg5 14. hxg5 Rxh1
15. Rxh1 Bxb5 16. Nxb5 a6 17. Rh7 axb5 18. Rxg7 Nf6 19. Rh7 Nc6 20. Qf4 Ra7
{necitelne} 0-1

[Event "POHÁR města Říčany 2022"]
[Site "Městské kulturní středisko U labutě"]
[Date "2022.09.02"]
[Round "8.20"]
[White "Bartos, Vaclav"]
[Black "Meca, Viktor"]
[Result "1-0"]
[WhiteElo "1889"]
[BlackElo "1796"]
[PlyCount "0"]
[EventDate "2022.08.27"]

1. d4 Nf6 2. c4 c5 3. d5 e6 4. Nc3 exd5 5. cxd5 d6 6. g3 g6 7. Bg2 Bg7 8. Nf3
O-O 9. O-O Re8 10. a4 Na6 11. Nd2 Nb4 12. Nc4 Nh5 13. e4 a6 14. a5 f5 15. Nb6
Rb8 16. Nxc8 Qxc8 17. exf5 Nf6 18. Bf4 Qxf5 19. Bxd6 Rbd8 20. Bc7 Nbxd5 21. Bxd8
Rxd8 22. Nxd5 {necitelne} 1-0

[Event "POHÁR města Říčany 2022"]
[Site "Městské kulturní středisko U labutě"]
[Date "2022.09.02"]
[Round "8.21"]
[White "Popov, Roman"]
[Black "Tichy, Tomas"]
[Result "1-0"]
[WhiteElo "1878"]
[BlackElo "1535"]
[PlyCount "0"]
[EventDate "2022.08.27"]

1. d4 Nf6 2. c4 c5 3. d5 b5 4. cxb5 e6 5. Nc3 Bb7 6. e4 exd5 7. exd5 d6 8. Nf3
Nbd7 9. Bc4 Nb6 10. b3 Qe7+ 11. Be3 Ng4 12. Qd3 Ne5 13. Nxe5 dxe5 14. O-O Rc8
15. f4 Nd7 16. Rae1 g6 17. Qd2 Bg7 18. d6 Qd8 19. fxe5 O-O 20. Bh6 Nxe5 21. Bxg7
Nxc4 22. Qh6 f5 23. Bxf8 Qf6 24. Qg7+ Qxg7 25. Bxg7 Nd2 26. Rf2 Bxg2 27. Rxg2
Kxg7 28. Rxd2 1-0

[Event "POHÁR města Říčany 2022"]
[Site "Městské kulturní středisko U labutě"]
[Date "2022.09.02"]
[Round "8.22"]
[White "Zemen, Pavel"]
[Black "Maslo, Ondrej"]
[Result "0-1"]
[WhiteElo "1731"]
[BlackElo "1870"]
[PlyCount "0"]
[EventDate "2022.08.27"]

1. e4 e5 2. Nf3 Nf6 3. Nxe5 Nc6 4. Nxc6 dxc6 5. d3 Bc5 6. Be2 h5 7. h3 Qd4
8. O-O Ng4 9. Bxg4 hxg4 10. c3 Qf6 11. d4 gxh3 12. g3 h2+ 13. Kh1 Bh3 14. Nd2
Bxf1 15. Qxf1 Be7 16. Qg2 O-O-O 17. Nf3 c5 18. Be3 cxd4 19. cxd4 Rh7 20. Rc1 Qe6
21. Bf4 c6 22. d5 Qh3 23. Qxh2 Qxh2+ 24. Nxh2 Rdh8 25. g4 Bg5 26. Bxg5 Rxh2+
27. Kg1 Rh1+ 28. Kg2 Rxc1 29. Bxc1 cxd5 30. exd5 Rd8 31. Be3 b6 32. Bd4 f6
33. Kf3 Rxd5 34. Ke4 Ra5 35. a3 Kd7 36. Bc3 Rg5 37. f3 Ke6 38. Bd4 Ra5 39. Bc3
Ra4+ 40. Kd3 Rf4 41. Ke3 Rc4 42. Kd3 Kd5 43. Ke3 Rc5 44. Kd3 g6 45. Ke3 Rxc3+
46. bxc3 Kc4 47. Kf4 Kd5 48. Ke3 Kc4 49. Kf4 Kd5 50. Ke3 Ke5 51. f4+ Kd5 52. Kd3
b5 53. Ke3 Kc4 54. Ke4 a5 55. g5 fxg5 56. fxg5 Kxc3 57. Ke5 b4 0-1

[Event "POHÁR města Říčany 2022"]
[Site "Městské kulturní středisko U labutě"]
[Date "2022.09.02"]
[Round "8.23"]
[White "Strnadova, Monika"]
[Black "Pecka, Jan"]
[Result "0-1"]
[WhiteElo "1564"]
[BlackElo "1840"]
[PlyCount "0"]
[EventDate "2022.08.27"]

1. e4 c5 2. Nf3 Nc6 3. d4 cxd4 4. Nxd4 Nf6 5. Nc3 e5 6. Nb3 Bb4 7. Bd2 d5
8. exd5 Nxd5 9. Bd3 Be6 10. O-O O-O 11. Ne4 Bxd2 12. Qxd2 Nf4 13. Nbc5 Bd5
14. f3 b6 15. Nb3 Bxb3 16. axb3 Nxd3 17. Qxd3 Qxd3 18. cxd3 Rfd8 19. Rfd1 Nd4
20. Ra3 a5 21. Nd2 Nc2 22. Ra4 Rxd3 23. Re4 f6 24. Kf2 Rad8 25. Ke2 R3d5 26. Rc4
Nd4+ 27. Ke1 Nxb3 28. Rc2 Rxd2 0-1

[Event "POHÁR města Říčany 2022"]
[Site "Městské kulturní středisko U labutě"]
[Date "2022.09.02"]
[Round "8.24"]
[White "Simecek, Bohumil"]
[Black "Sadil, Antonin"]
[Result "1-0"]
[WhiteElo "2051"]
[BlackElo "1546"]
[PlyCount "0"]
[EventDate "2022.08.27"]

1. d4 c6 2. Nf3 d5 3. Bf4 Nf6 4. e3 Bf5 5. c3 e6 6. Nbd2 Nbd7 7. h3 Ne4 8. Be2
Qb6 9. Qb3 Nxd2 10. Nxd2 Qxb3 11. axb3 c5 12. O-O a6 13. Nf3 Bc2 14. Rfc1 Bg6
15. Nh4 Be4 16. f3 Be7 17. fxe4 Bxh4 18. exd5 exd5 19. Bf3 cxd4 20. exd4 g5
21. Bd6 Rd8 22. g3 Nf6 23. Be5 g4 24. gxh4 gxf3 25. Bxf6 Rg8+ 26. Kf2 Rd6
27. Re1+ Kd7 28. Re7+ Kc6 29. Rxf7 Re6 30. Be5 Rh6 31. Rxf3 Rxh4 32. Rg1 Re8
33. Rg7 b6 34. Rc7+ Kb5 35. Rd7 h5 36. Rxd5+ 1-0

[Event "POHÁR města Říčany 2022"]
[Site "Městské kulturní středisko U labutě"]
[Date "2022.09.02"]
[Round "8.25"]
[White "Gacho, Ondrej"]
[Black "Vavrinec, Tomas"]
[Result "0-1"]
[WhiteElo "1517"]
[BlackElo "1911"]
[PlyCount "0"]
[EventDate "2022.08.27"]

1. e4 e6 2. d4 d5 3. Nc3 Bb4 4. e5 c5 5. Bd2 cxd4 6. Nb5 Bf8 7. Nf3 Nc6
8. Nbxd4 Qb6 9. Nb3 Nge7 10. Be3 Qc7 11. Bd4 Nf5 12. c3 Bd7 13. Bd3 Nfxd4
14. cxd4 Nb4 15. O-O Nxd3 16. Qxd3 Be7 17. Rfc1 Qd8 18. Nc5 b6 19. Na6 Rc8
20. Rc3 Rxc3 21. Qxc3 O-O 22. Nb4 Qb8 23. Nd3 Rc8 24. Qd2 Bb5 25. Nfe1 Rc4
26. Qe3 Qc8 27. Rc1 h6 28. Qd2 Bg5 29. f4 Rxc1 30. Nxc1 Qc4 31. Kf2 Bxf4
32. Qxf4 Qf1+ 33. Kg3 Qxe1+ 34. Kh3 g5 35. Qf6 Qh4# 0-1

[Event "POHÁR města Říčany 2022"]
[Site "Městské kulturní středisko U labutě"]
[Date "2022.09.02"]
[Round "8.26"]
[White "Tejkal, Jiri"]
[Black "Kubice, Jakub"]
[Result "0-1"]
[WhiteElo "1869"]
[BlackElo "1750"]
[PlyCount "0"]
[EventDate "2022.08.27"]

1. d4 d5 2. c4 c6 3. Nc3 Nf6 4. Nf3 dxc4 5. a4 Bg4 6. e3 e6 7. Bxc4 Bb4 8. O-O
a5 9. Be2 Nbd7 10. Qc2 O-O 11. e4 Re8 12. Bg5 e5 13. d5 Bxc3 14. dxc6 bxc6
15. bxc3 h6 16. Bh4 Qc7 17. Ne1 Bxe2 18. Qxe2 Reb8 19. Qc4 Rb6 20. Nd3 Rab8
21. f3 R6b7 22. Bf2 Nb6 23. Qa2 Nfd7 24. Rab1 Na8 25. Rxb7 Qxb7 26. Qc4 Nab6
27. Qa2 Qa6 28. Rd1 Qc4 29. Qxc4 Nxc4 30. Nc5 Nxc5 31. Bxc5 Rb3 32. Rd8+ Kh7
33. Rc8 Rxc3 34. Rxc6 Nb2 35. Rc7 Rc1+ 36. Kf2 Nd3+ 37. Ke3 Rxc5 0-1

[Event "POHÁR města Říčany 2022"]
[Site "Městské kulturní středisko U labutě"]
[Date "2022.09.02"]
[Round "8.27"]
[White "Svetly, Jiri"]
[Black "Bara, Jan"]
[Result "1-0"]
[WhiteElo "1825"]
[BlackElo "1592"]
[PlyCount "0"]
[EventDate "2022.08.27"]

1. d4 Nf6 2. c4 g6 3. Nc3 d5 4. cxd5 Nxd5 5. Bd2 Bg7 6. e4 Nxc3 7. Bxc3 O-O
8. Qd2 e6 9. h4 Nd7 10. Rd1 b6 11. Bc4 Bb7 12. f3 c5 13. dxc5 Nxc5 14. Bxg7
Qxd2+ 15. Rxd2 Kxg7 16. b4 Ba6 17. Be2 Bxe2 18. Nxe2 Na6 19. a3 Rfd8 20. Nd4
Rac8 21. Ke2 Nb8 22. Rhd1 Nc6 23. e5 Kh6 24. g4 Nxe5 25. Nf5+ exf5 26. Rxd8 Rc3
27. g5+ Kg7 28. f4 Rc2+ 29. R1d2 Rxd2+ 30. Rxd2 Nc4 31. Rd3 a5 32. Rc3 b5
33. Kd3 axb4 34. axb4 f6 35. Kd4 fxg5 36. hxg5 h6 37. gxh6+ Kxh6 38. Rxc4 bxc4
39. b5 g5 40. b6 g4 41. b7 g3 42. b8=Q Kh5 43. Ke3 Kg4 44. Qg8+ Kh3 45. Kf3 1-0

[Event "POHÁR města Říčany 2022"]
[Site "Městské kulturní středisko U labutě"]
[Date "2022.09.02"]
[Round "8.28"]
[White "Havelka, Petr"]
[Black "Pejrimovsky, Tadeas Rubel"]
[Result "1/2-1/2"]
[WhiteElo "1817"]
[BlackElo "1716"]
[PlyCount "0"]
[EventDate "2022.08.27"]

1. d4 Nf6 2. c4 g6 3. Nc3 Bg7 4. e4 d6 5. Nf3 O-O 6. h3 e5 7. dxe5 dxe5 8. Qxd8
Rxd8 9. Bg5 Re8 10. O-O-O c6 11. Be2 Nbd7 12. Be3 h6 13. Nh2 Nb6 14. b3 Kh7
15. g4 Be6 16. Nf3 Nbd7 17. Ne1 1/2-1/2

[Event "POHÁR města Říčany 2022"]
[Site "Městské kulturní středisko U labutě"]
[Date "2022.09.02"]
[Round "8.30"]
[White "Petras, Milan"]
[Black "Rerabek, Jaroslav"]
[Result "1-0"]
[WhiteElo "1896"]
[BlackElo "1673"]
[PlyCount "0"]
[EventDate "2022.08.27"]

1. Nf3 Nf6 2. g3 c6 3. Bg2 d5 4. O-O Bg4 5. d3 Qc8 6. Re1 h6 7. Nbd2 e6 8. h3
Bf5 9. c4 Bd6 10. e4 dxe4 11. dxe4 Nxe4 12. Nxe4 Be7 1-0